000
00299nam a22001337a 4500
020
_a
818014030X
041
_a
ENG
100
_a
Jain,S,C
245
_a
Farm Machinery An Approach
260
_a
Delhi
_b
Standard Pub Distributors
_c
2006
650
_a
FMP
700
_a
Philip .G
856
_u
FMP ( 16 )
999
_c
1380
_d
1380